000 01108cam a2200313 4500
008 090401t1997 xxu||||| |||| 00| 0 eng d
020 _a1860811817
035 _a(Sirsi) u83209
041 _aeng
050 _a658.562
100 _aPickrell, Simone
245 _aMeasuring up: a practical guide to benchmarking in construction.
260 _aLondon
_bConstruction Research Communications Ltd
_c1997
300 _a68p. ; 30cm.
350 _a49.5
490 _aBR
_v336
520 _aPart of a collaborative project between the DoE, the Engineering and Physical Sciences Research Council and industry called Benchmarking for Construction, the publication concentrates on benchmarking methodology. Includes case studies.
650 _aBENCHMARKING CLUBS
650 _aBENCHMARKING
650 _aCONSTRUCTION INDUSTRY
650 _aEUROPEAN BENCHMARKING CODE OF PRACTICE
690 _aBUILT ENVIRONMENT
700 _aGarnett, Naomi
700 _aBaldwin, Jo
710 _aBuilding Research Establishment
710 _aUniversity of Reading
_93273
942 _n0
948 _c21/01/1998
999 _c96873
_d96873